| Tag |
First Indicator |
Second Indicator |
Subfields |
| LEADER |
00000cam a2200000 a 4500 |
| 001 |
in00000072637 |
| 005 |
20151008054555.0 |
| 008 |
770714s1855 nyu 00010 eng d |
| 035 |
|
|
|a (OCoLC)03114200
|
| 035 |
|
|
|9 AAJ1054AM
|
| 040 |
|
|
|a FXG
|c FXG
|d m.c.
|d TXA
|d UtOrBLW
|
| 041 |
1 |
|
|a eng
|a fre
|
| 049 |
|
|
|a TXAM
|c [1167163]
|
| 090 |
|
|
|a B2223.E5
|b M3 1855
|
| 100 |
1 |
|
|a Comte, Auguste,
|d 1798-1857.
|
| 245 |
1 |
4 |
|a The positive philosophy of Auguste Comte /
|c freely translated and condensed by Harriett Martineau.
|
| 264 |
|
1 |
|a New York :
|b C. Blanchard,
|c 1855.
|
| 300 |
|
|
|a 838 pages ;
|c 24 cm.
|
| 336 |
|
|
|a text
|b txt
|2 rdacontent
|
| 337 |
|
|
|a unmediated
|b n
|2 rdamedia
|
| 338 |
|
|
|a volume
|b nc
|2 rdacarrier
|
| 500 |
|
|
|a Spine title: Comte's positive philosophy.
|
| 650 |
|
0 |
|a Positivism.
|
| 700 |
1 |
|
|a Martineau, Harriet,
|d 1802-1876.
|
| 740 |
0 |
|
|a Comte's positive philosophy.
|
| 999 |
|
|
|a MARS
|
| 999 |
f |
f |
|s 304f6e50-f47b-30ae-abcc-3d8a60cd14de
|i 7bf6273f-9a95-34fb-999b-613f17d8e76e
|t 0
|
| 952 |
f |
f |
|p ric
|a Texas A&M University
|b Rellis Campus
|c Joint Library Facility
|d Remote Storage
|t 0
|e B2223.E5 M3 1855
|h Library of Congress classification
|i unmediated -- volume
|m A14806081726
|
| 998 |
f |
f |
|a B2223.E5 M3 1855
|t 0
|l Remote Storage
|